| 000 | 00409nam a2200157 a 4500 | ||
|---|---|---|---|
| 005 | 20140310183318.0 | ||
| 008 | 051202s19uu xx 00 eng d | ||
| 050 |
_aG 1021 _b.At881 1996 |
||
| 245 | _aAtlas of the world / | ||
| 250 | _afamily ed. | ||
| 260 |
_aAustralia : _bRegency Publishing, _c1996. |
||
| 300 |
_a156 p _bcol.ill.; _c34 cm |
||
| 650 |
_aWorld _xAtlas |
||
| 942 |
_cBK _2lcc |
||
| 999 |
_c21322 _d21322 |
||